"Co. Aytch," Maury Grays, First Tennessee Regiment : (Record no. 242457)
[ view plain ]
| 000 -LEADER | |
|---|---|
| fixed length control field | 01223cam a22003013a 4500 |
| 001 - CONTROL NUMBER | |
| control field | 13202 |
| 003 - CONTROL NUMBER IDENTIFIER | |
| control field | PGUSA |
| 005 - DATE AND TIME OF LATEST TRANSACTION | |
| control field | 20140828083302.0 |
| 008 - FIXED-LENGTH DATA ELEMENTS--GENERAL INFORMATION | |
| fixed length control field | 040817s2004||||xxu|||||s|||||000 | eng d |
| 040 ## - CATALOGING SOURCE | |
| Original cataloging agency | PGUSA |
| Language of cataloging | eng |
| 042 ## - AUTHENTICATION CODE | |
| Authentication code | dc |
| 050 #4 - LIBRARY OF CONGRESS CALL NUMBER | |
| Classification number | E456 |
| 100 1# - MAIN ENTRY--PERSONAL NAME | |
| Personal name | Watkins, Samuel R. |
| Fuller form of name | (Samuel Rush) |
| 245 10 - TITLE STATEMENT | |
| Title | "Co. Aytch," Maury Grays, First Tennessee Regiment : |
| Remainder of title | Or, A Side Show of the Big Show |
| Medium | [electronic resource] / |
| Statement of responsibility, etc | Samuel R. Watkins |
| 260 ## - PUBLICATION, DISTRIBUTION, ETC. (IMPRINT) | |
| Name of publisher, distributor, etc | Project Gutenberg, |
| Date of publication, distribution, etc | 2004 |
| 506 ## - RESTRICTIONS ON ACCESS NOTE | |
| Terms governing access | Public domain in the USA. |
| 516 ## - TYPE OF COMPUTER FILE OR DATA NOTE | |
| Type of computer file or data note | Electronic text |
| 653 ## - INDEX TERM--UNCONTROLLED | |
| Uncontrolled term | Tennessee -- History -- Civil War, 1861-1865 -- Regimental histories |
| 653 ## - INDEX TERM--UNCONTROLLED | |
| Uncontrolled term | Watkins, Samuel R. (Samuel Rush) |
| 653 ## - INDEX TERM--UNCONTROLLED | |
| Uncontrolled term | United States -- History -- Civil War, 1861-1865 -- Regimental histories |
| 653 ## - INDEX TERM--UNCONTROLLED | |
| Uncontrolled term | Tennessee -- History -- Civil War, 1861-1865 -- Personal narratives |
| 653 ## - INDEX TERM--UNCONTROLLED | |
| Uncontrolled term | Confederate States of America. Army. Tennessee Infantry Regiment, 1st. Company H |
| 653 ## - INDEX TERM--UNCONTROLLED | |
| Uncontrolled term | United States -- History -- Civil War, 1861-1865 -- Personal narratives, Confederate |
| 653 ## - INDEX TERM--UNCONTROLLED | |
| Uncontrolled term | Soldiers -- Tennessee -- Biography |
| 830 #0 - SERIES ADDED ENTRY--UNIFORM TITLE | |
| Uniform title | Project Gutenberg |
| Volume number/sequential designation | 13202 |
| 856 40 - ELECTRONIC LOCATION AND ACCESS | |
| Uniform Resource Identifier | <a href="http://www.gutenberg.org/ebooks/13202">http://www.gutenberg.org/ebooks/13202</a> |
| 942 ## - ADDED ENTRY ELEMENTS (KOHA) | |
| Koha item type | eBooks |
| Withdrawn status | Lost status | Damaged status | Home library | Current library | Date acquired | Total Checkouts | Date last seen | Price effective from | Koha item type |
|---|---|---|---|---|---|---|---|---|---|
| Project Gutenberg | Project Gutenberg | 08/28/2014 | 08/28/2014 | 08/28/2014 | eBooks |